000 00844cam a2200277 a 4500
001 6305
003 BD-RjUL
005 20211208234224.0
008 140109s1983 nyu b 001 0 eng
020 _a0023055308
035 _a(BD-RjUL)6345
040 _aDLC
_cDLC
_dDLC
_dBD-RjUL
_beng
041 _aeng
082 0 0 _a361.4
_219
_bBAG 1983
100 1 _aBalgopal, Pallassana R.
_919842
245 1 0 _aGroups in social work :
_ban ecological perspective /
_cPallassana R. Balgopal, Thomas V. Vassil.
260 _aNew York ;
_bMacmillan ;
_aLondon :
_bCollier Macmillan,
_cc1983.
300 _axvi, 335 p. ;
_c25 cm.
500 _aIncludes index.
504 _aBibliography: p. 315-329.
650 0 _aSocial group work.
_916781
700 1 _aVassil, Thomas V.
_919843
942 _2ddc
_cBK
999 _c6305
_d6305